00557 2200205 4500001002100000005001500021008004100036020001800077035001900095041000700114082000800121090001400129100002800143245006000171250001000231260003400241300002600275650002700301990002300328INLIS00000000000087320241224112239241224||||||||| | ||| |||| || |  a979-8767-46-2 0010-1224000873 aid0 a342 aR 342 UND0 aIndonesia.Pemerintah RI00aUndang-Undang Bank Indonesia 1999 : UU RI No.23 Th.1999 aCet.3 aJakartabSinar Grafika.c2000 aviii, 93 hlm; 20,5 cm 0aUU Bank Indonesia 1999 a05.17.01.04.05.001